000
00304nam a2200133Ia 4500
008
150201s2006 xx 000 0 und d
082
_a
616.07
_b
V06P
100
_a
PUNIA,RAJPAL
245
_a
VIVA IN PATHOLOGY
250
_a
1ST
260
_b
AITBS
_a
DELHI
_c
2006
650
_a
PATHOLOGY
942
_2
ddc
_c
BK
_0
6
999
_c
690
_d
690